000 00622nam a2200217 a 4500
005 20251104063905.0
008 991125s1992 mx 000 0 spa u
020 _a9688530670
035 _aUPN01000019535
049 _aCG
050 4 _aRC454 F6.48
100 1 _aFoucault, Michel,
_d1926-1984
245 1 0 _aEnfermedad mental y personalidad /
_cMichel Foucault ; tr. Emma Kestelboin
260 _aMéxico :
_bPaidós,
_c1992
300 _a122 p
440 0 _aPaidós studio;
_v41
650 2 _aEnfermedades mentales
_912828
650 4 _aTeorías de la personalidad
_920365
904 _aAC
_b019536
905 _aLibro
999 _c19535
_d19535